Los mitos de la historia argentina 1 : del "descubrimiento " de américa a la "independencia" :
Guardado en:
| Autor Principal: | |
|---|---|
| Formato: | Libro |
| Publicado: |
Buenos Aires :
Norma,
2004
|
| Series: | Biografías y documentos
|
| Materias: | |
| Etiquetas: |
Agregar Etiqueta
Sin Etiquetas, Sea el primero en etiquetar este registro!
|
| LEADER | 01412nam a22002175a 4500 | ||
|---|---|---|---|
| 001 | CEM.cems011862 | ||
| 005 | 20070220202112.0 | ||
| 008 | 130507s2004##################000#0#####d | ||
| 003 | CEMS | ||
| 020 | |a 9875451495 | ||
| 082 | 0 | 4 | |a 982 |
| 100 | 1 | |a Pigna, Felipe | |
| 245 | 1 | 0 | |a Los mitos de la historia argentina 1 : |b del "descubrimiento " de américa a la "independencia" : |c Felipe Pigna |
| 260 | |a Buenos Aires : |b Norma, |c 2004 | ||
| 300 | |a 424 p. | ||
| 490 | 0 | |a Biografías y documentos | |
| 505 | 0 | |a Las invasiones españolas, más conocidas como el "descubrimiento de América" -- La madre patria -- Santa María de los Buenos Hambres -- El día de la industria (2 de noviembre de 1587) -- Las primeras décadas infames: fraude, corrupción y negociados en la Argentina colonial -- Civilización y barbarie: la rebelión de Túpac Amaru -- Las invasiones inglesas o el agua y el aceite -- La Revolución de Mayo -- El fusilamiento de Santiago de Liniers, el "héroe" de la reconquista -- Castelli y Monteagudo: los vengadores de Túpac Amaru -- Hacía falta tanto fuego: la muerte de Mariano Moreno -- El hijo de la patria -- Incas, reyes y traidores: las vicisitudes de la independencia política | |
| 653 | |a Historia | ||
| 653 | |a Historia argentina-1516-1810 | ||
| 859 | |a CEMS |b BIB. CEMS - 11 de abril |h 982 |i P622-1 |p 22934.05 |t Ej.1 |v 1 |3 1 | ||
| 859 | |a CEMS |b BIB. CEMS - 11 de abril |h 982 |i P622-1 |p 23253.05 |t Ej.2 |v 1 |3 1 | ||
